Les 15 plus petits departement de France - Statistiques

Statistiques générales
  • Ce quiz a été pris 61 fois
  • Le résultat moyen est 9 sur 15
Statistiques - réponses
Superficie Département % Correct
105 km² Paris
93%
236 km² Seine Saint Denis
86%
609 km² Territoire du Belfort
82%
245 km² Val de Marne
80%
176 km² Hauts de Seine
79%
1804 km² Essonne
75%
1246 km² Val d'Oise
73%
2284 km² Yvelines
68%
3249 km² Rhone
66%
3525 km² Haut Rhin
54%
3567 km² Vaucluse
52%
4014 km² Corse du Sud
45%
3718 km² Tarn et Garonne
39%
4299 km² Alpes Maritimes
30%
4116 km² Pyrénées Orientales
25%
Aucun quiz correspondant
Distribution des résultats
% des personnes avec chaque résultat
Percentile par nombre de réponses
Votre historique - résultats
Vous n’avez pas pris ce quiz